000 00724cam a22002411 4500
001 sa 64008230
003 DLC
005 20260227112053.0
008 791004s1963 xx 000 0 eng
010 _asa 64008230
025 _aPL480:I-E-3042
035 _a(OCoLC)5467858
040 _aDLC
_cNNepaSU
_dDLC
042 _apremarc
050 0 0 _aJC273
_b.P34
100 1 _aPannikkar, Karalam Madhara,
_d1896-
245 1 4 _aThe ideas of sovereignty and state in Indian political thought,
_cby K. M. Panikkar.
260 _aBombay,
_bBharatiya Vidya Bhavan,
_c1963.
300 _avii, 107 p.
_c19 cm.
440 0 _aBhavan's book university,
_v116
650 0 _aState, The.
650 0 _aPolitical science
_zIndia
_xHistory.
999 _c60761
_d60761